Indien: das alte Wunderland und seine Bewohner

Saved in:  
Bibliographic Details
Main Author: Gehring, Hans (Author)
Format: Electronic Book
Language:German
Subito Delivery Service: Order now.
Check availability: HBZ Gateway
Interlibrary Loan:Interlibrary Loan for the Fachinformationsdienste (Specialized Information Services in Germany)
Published: Leipzig Verlag von Otto Spamer 1908
In:Year: 1907
Volumes / Articles:Show volumes/articles.
Parallel Edition:Non-electronic

MARC

LEADER 00000cam a2200000 ca4500
001 1671872061
003 DE-627
005 20251004122539.0
007 cr c| 024a|ab|
008 190822m19079999xx |||||o 00| ||ger c
035 |a (DE-627)1671872061 
035 |a (DE-599)KXP1671872061 
040 |a DE-627  |b ger  |c DE-627  |e rda 
041 |a ger 
044 |c XA-DXDE 
084 |a LB 24385  |q SEPA  |2 rvk  |0 (DE-625)rvk/90518:894 
084 |a 15.77  |2 bkl 
084 |a 74.21  |2 bkl 
100 1 |a Gehring, Hans  |e VerfasserIn  |4 aut 
245 1 0 |a Indien  |b das alte Wunderland und seine Bewohner  |c geschildert von Hans Gehring 
264 1 |a Leipzig  |b Verlag von Otto Spamer  |c 1908 
300 |c 8° 
336 |a Text  |b txt  |2 rdacontent 
337 |a Computermedien  |b c  |2 rdamedia 
338 |a Online-Ressource  |b cr  |2 rdacarrier 
533 |a Online-Ausgabe  |b Hamburg  |c Staats- und Universitätsbibliothek Hamburg Carl von Ossietzky  |d [2019]  |7 |2019|||||||||| 
776 0 8 |i Elektronische Reproduktion von  |a Gehring, Hans  |t Indien  |d Leipzig : Spamer, 1907  |w (DE-627)073238848  |w (DE-576)9073238846  |k Non-Electronic 
936 r v |a LB 24385  |b Indien  |k Sozial- und Kulturanthropologie. Empirische Kulturwissenschaft  |k Gesamtdarstellungen und Sammelwerke  |k Gesamtdarstellungen, einzelnes  |k Asien (ohne GUS)  |k Südasien  |k Indien  |0 (DE-627)1270882880  |0 (DE-625)rvk/90518:894  |0 (DE-576)200882880 
936 b k |a 15.77  |j Indischer Subkontinent  |x Geschichte  |q SEPA  |0 (DE-627)181570661 
936 b k |a 74.21  |j Asien  |x Geographie  |q SEPA  |0 (DE-627)106411969 
951 |a MC 
ELC |a 1 
ORI |a SA-MARC-ixtheob001.raw 
REL |a 1 
SPR |a 1  |t IXT  |t REL 
SUB |a REL